00332 a2200109 4500001001000000005001700010008004100027245003700068100003400105773006800139999001500207ART_2583320260410161602.0260409a 10aContabilidad y libertad cultural1 aGarcía Casella, Carlos Luis0 tProfesional & Empresariag- Año VI, Nº 70 (jul. 2005)wREV70 c9793d9793